00593nam a2200205Ia 450000500170000000800410001702000150005808200130007310000110008624500550009725000100015226000600016230000140022265000100023665000120024665000130025894200060027195200950027799900150037220240605063203.0240331s9999 xx 000 0 und d a9698408312 bZIAa362 aZia, S 0aViolence against women and their quest for justice a2 nd  aLahorebSimorgh Women's Education and Publicationc1998 aiv,99 p., aWomen aJustice aViolence cL 001040708LaWERCLbWERCLcSSCd2024-03-31l0o 362 ZIAp4965r2024-03-31w2024-03-31yL c2908d2908